000 01167cab a22002055a 4500
001 L148476
008 090922e20090918xxko f 000 0 eng d
035 _a(Sirsi) u148476
041 0 _aeng
100 1 _aShepherd, Mark
245 0 0 _aRegional report
_bBirmingham
260 _c2009
490 0 _aProperty Week
_v75(38) 18 September 2009, 57-66(7)
520 _aA profile of Jackie Gallagher's Gallan Group, Birmingham's most famous property developer, shows the Group in a good shape to take advantage of Birmingham's post-recession development opportunities. The Birmingham Development Company is planning to resurrect the former Birmingham Post and Mail print works as a mixed-use development. Bournville College is to have a new campus on part of the former Longbridge car production plant. The continued preservation of Birmingham?s historic Jewellery Quarter has suffered a set-back after regional development agency Advantage West Midlands withdrew funds from several key regeneration projects.
590 _aKA
651 4 _aBirmingham
690 _aPROPERTY-COMMERCIAL PROPERTY-COMMERCIAL PROPERTY MARKET
700 1 _aLycett, Anthony
942 _n0
999 _c81862
_d81862